Statistics for European Groups of Things

Click here to take the quiz!

General Stats

  • This quiz has been taken 434 times
  • The average score is 35 of 53

Answer Stats

Answer % Correct
German
99%
Portugal
98%
London
98%
French
98%
France
98%
England
97%
Scotland
97%
Wales
97%
Vatican City
95%
Paris
95%
Northern Ireland
95%
San Marino
92%
Berlin
92%
Madrid
91%
Rome
91%
Andorra
90%
Italian
90%
FC Barcelona
87%
Moscow
87%
Italy
86%
Belgium
84%
United Kingdom
81%
Netherlands
79%
Real Madrid
77%
Danube
75%
Seine
73%
Luxembourg
72%
A.C. Milan
72%
Volga
66%
Morocco
64%
Manchester United
62%
Liverpool FC
56%
West Germany
55%
Ajax Amsterdam
54%
Istanbul
53%
St. Petersburg
51%
Romansh
50%
FC Bayern München
49%
Loire
47%
Rhône
45%
Kiev
42%
Juventus
40%
Internazionale
32%
Bucharest
27%
FC Porto
25%
Nottingham Forest
18%
SL Benfica
16%
Vättern
7%
Vänern
7%
Mälaren
5%
Meuse
4%
Ural
4%

Score Distribution

Percentile by Number Answered

Percent of People with Each Score

Your Score History

You have not taken this quiz